Normal view
MARC view
Entry Personal Name
001 - CONTROL NUMBER
- control field: 9382
003 - CONTROL NUMBER IDENTIFIER
- control field: BD-RjUL
005 - DATE AND TIME OF LATEST TRANSACTION
- control field: 20231005121929.0
008 - FIXED-LENGTH DATA ELEMENTS
- fixed length control field: 231005|| aca||aabn | a|a d
040 ## - CATALOGING SOURCE
- Original cataloging agency: BD-RjUL
- Transcribing agency: BD-RjUL
100 ## - HEADING--PERSONAL NAME
- Personal name: ذو المجدين، زين العابدين ;; Z̲ū al-Majdayn, Zayn al-ʻAbidīn
670 ## - SOURCE DATA FOUND
- Source citation: Work cat.: (BD-RjUL)82053: ذو المجدين، زين العابدين ;; Z̲ū al-Majdayn, Zayn al-ʻAbidīn., ترجمه و شرح تبصرۀ علامه ;; Tarjumah va sharḥ-i Tabṣirah-ʼi ʻAllāmah./, 1329[1950]